[Event "Warren (Warmup"]
[Site "?"]
[Date "1994.??.??"]
[Round "?"]
[White "Bedy, N."]
[Black "Witz, B."]
[Result "0-1"]
[WhiteElo "1605"]
[BlackElo "1605"]
[PlyCount "86"]
[EventDate "1994.??.??"]

1. e4 e5 2. Nc3 d6 3. Nf3 Nc6 4. Bc4 Be6 5. d3 Nf6 6. Bg5 Be7 7. Nd5 Nd4 8.
Nxe7 Qxe7 9. Nxd4 exd4 10. Bxe6 fxe6 11. Qd2 d5 12. e5 O-O-O 13. exf6 gxf6 14.
Bh4 e5 15. O-O-O Rd6 16. Qb4 a5 17. Qxa5 Ra6 18. Qxd5 Qg7 19. Qe6+ Rxe6 20. Bg3
e4 21. Rhe1 e3 22. fxe3 dxe3 23. Re2 Qg4 24. Rde1 f5 25. Rxe3 Qg5 26. Kd2 Rhe8
27. h4 Qxg3 28. Rxg3 Rxe1 29. Rg7 R8e2+ 30. Kc3 Rg1 31. Rxh7 Rexg2 32. h5 f4
33. h6 f3 34. Rf7 f2 35. h7 Rh2 36. h8=Q+ Rxh8 37. Rxf2 Kd7 38. Rf7+ Kc6 39.
Kc4 b5+ 40. Kb3 Kb6 41. c4 bxc4+ 42. dxc4 Rh3+ 43. Kb4 c5+ 0-1

[Event "Novi (Oct)"]
[Site "?"]
[Date "1994.??.??"]
[Round "?"]
[White "Bedy, N."]
[Black "Tripp, Steve"]
[Result "1/2-1/2"]
[WhiteElo "1605"]
[BlackElo "1605"]
[PlyCount "100"]
[EventDate "1994.??.??"]

1. e4 c5 2. Nc3 Nc6 3. f4 d6 4. Nf3 Bg4 5. Bb5 a6 6. Bxc6+ bxc6 7. d3 Rb8 8. b3
Nf6 9. Bb2 h6 10. O-O e6 11. e5 dxe5 12. fxe5 Nd5 13. Qd2 Be7 14. Ne4 O-O 15.
h3 Bf5 16. Rae1 Nb4 17. a3 Nd5 18. Re2 a5 19. a4 Rb4 20. Bc3 Nxc3 21. Nxc3 Qc7
22. g4 Bg6 23. Kh1 Rd8 24. Qe1 Rf8 25. Nd2 Qd8 26. Nc4 Bh4 27. Qd1 Qc7 28. Ne4
Bxe4+ 29. Rxe4 f6 30. Qf3 Rbb8 31. Qg2 Rbd8 32. exf6 Rxf6 33. Rxf6 Bxf6 34.
Rxe6 Qf4 35. Re2 Bc3 36. Rf2 Qc1+ 37. Qf1 Qg5 38. Qg2 Re8 39. Rf1 Qd5 40. Qxd5+
cxd5 41. Nb6 d4 42. Rf5 Re2 43. Rxc5 Rxc2 44. Nd5 Rd2 45. Nxc3 Rxd3 46. Nb5
Rxh3+ 47. Kg2 Rxb3 48. Nxd4 Rb4 49. Rxa5 Rxd4 50. Kf3 Rb4 1/2-1/2

[Event "Warren (Warmup"]
[Site "?"]
[Date "1994.??.??"]
[Round "?"]
[White "Bedy, N."]
[Black "Sunts, A."]
[Result "0-1"]
[WhiteElo "1605"]
[BlackElo "1605"]
[PlyCount "82"]
[EventDate "1994.??.??"]

1. e4 e5 2. Nc3 g6 3. g3 Bg7 4. Bg2 Nf6 5. d3 O-O 6. Bg5 c6 7. Nf3 d6 8. Qd2
Be6 9. h4 h5 10. O-O-O Qa5 11. Kb1 Nbd7 12. Bh6 b5 13. a3 Rab8 14. Bxg7 Kxg7
15. Bh3 Bxh3 16. Rxh3 b4 17. Na2 c5 18. axb4 cxb4 19. b3 Rfc8 20. Qe2 Qb6 21.
d4 a5 22. dxe5 Nxe5 23. Nxe5 dxe5 24. Rhh1 a4 25. Rd2 axb3 26. cxb3 Rd8 27.
Rhd1 Rxd2 28. Rxd2 Qe6 29. Qd1 Nxe4 30. Rd3 Nxf2 31. Rd6 Nxd1 32. Rxe6 fxe6 33.
Kc2 Nf2 34. Kd2 Ne4+ 35. Kd3 Nxg3 36. Kc4 e4 37. Nxb4 Rxb4+ 38. Kxb4 e3 39. Kc3
Kf7 40. Kd3 Nf5 41. b4 Ke7 0-1

[Event "Detroit (MOR/2/31)"]
[Site "?"]
[Date "1994.??.??"]
[Round "?"]
[White "Bedy, N."]
[Black "Schey, Danny"]
[Result "1/2-1/2"]
[WhiteElo "1605"]
[BlackElo "1610"]
[PlyCount "56"]
[EventDate "1994.??.??"]

{2/(31)} 1. e4 e5 2. Nc3 Nf6 3. g3 Bc5 4. Bg2 c6 5. Nge2 d5 6. exd5 cxd5 7. d4
exd4 8. Nxd4 O-O 9. O-O Nc6 10. Be3 Ng4 11. Nxc6 Nxe3 12. Nxd8 Nxd1 13. Raxd1
Rxd8 14. Rxd5 Rxd5 15. Bxd5 Bf5 16. Bb3 Rd8 17. Rd1 Rxd1+ 18. Nxd1 Kf8 19. Kf1
Ke7 20. Ne3 Be4 21. Nd5+ Bxd5 22. Bxd5 b6 23. c4 f6 24. b3 Kd6 25. Be4 h6 26.
f3 Ke5 27. Ke2 Kd4 28. Kd2 Bb4+ 1/2-1/2

[Event "Detroit (MOR/4/38)"]
[Site "?"]
[Date "1994.??.??"]
[Round "?"]
[White "Bedy, N."]
[Black "McFolley, John"]
[Result "0-1"]
[WhiteElo "1605"]
[BlackElo "1605"]
[PlyCount "20"]
[EventDate "1994.??.??"]

{4/(38)} 1. e4 e5 2. Nc3 Nf6 3. g3 Nc6 4. Bg2 d6 5. d3 Bg4 6. Nge2 Be7 7. O-O
Nd4 8. Be3 Qd7 9. Qd2 Nf3+ 10. Bxf3 Bxf3 0-1

[Event "Warren (Warmup"]
[Site "?"]
[Date "1994.??.??"]
[Round "?"]
[White "Bedy, N."]
[Black "Kim, E."]
[Result "1/2-1/2"]
[WhiteElo "1605"]
[BlackElo "1605"]
[PlyCount "91"]
[EventDate "1994.??.??"]

1. e4 e5 2. Nc3 Nf6 3. g3 Bc5 4. Bg2 d6 5. Nge2 Bg4 6. d3 O-O 7. O-O Nbd7 8.
Be3 Re8 9. Qd2 c6 10. Bxc5 Nxc5 11. Qe3 Qd7 12. f4 exf4 13. Rxf4 Nh5 14. Rf2
Ne6 15. Raf1 Re7 16. Nd4 Nf8 17. Nf5 Bxf5 18. Rxf5 g6 19. R5f2 f5 20. Qg5 fxe4
21. Nxe4 Re5 22. Qxh5 Rxh5 23. Nf6+ Kh8 24. Nxd7 Nxd7 25. Rf7 Rd8 26. Re7 Re5
27. Rff7 Rxe7 28. Rxe7 Nc5 29. Kf2 Rd7 30. Rxd7 Nxd7 31. d4 Nf6 32. Bf3 d5 33.
Ke3 g5 34. h3 Kg7 35. g4 Kf7 36. Kd3 Ke6 37. c4 Kd6 38. c5+ Kc7 39. b4 b6 40.
a4 bxc5 41. dxc5 Nd7 42. Kd4 Kb7 43. b5 Nf6 44. bxc6+ Kxc6 45. Bg2 Ne4 46. Bf3
1/2-1/2

[Event "Detroit (MCO/C/4/10)"]
[Site "?"]
[Date "1994.??.??"]
[Round "?"]
[White "Beck, B."]
[Black "Palmeri, S."]
[Result "1/2-1/2"]
[WhiteElo "1605"]
[BlackElo "1605"]
[PlyCount "113"]
[EventDate "1994.??.??"]

{4/(10)} 1. e4 c5 2. Nf3 d6 3. d4 cxd4 4. Nxd4 Nf6 5. Nc3 a6 6. Bc4 b5 7. Bd5
Nxd5 8. Nxd5 e6 9. Nc3 Bb7 10. Be3 b4 11. Nce2 Bxe4 12. Qd2 a5 13. O-O Nc6 14.
Nxc6 Bxc6 15. Nd4 Bd5 16. a3 Bc4 17. Rfe1 d5 18. b3 Ba6 19. axb4 Bxb4 20. c3
Bc5 21. Nc6 Bxe3 22. Rxe3 Qb6 23. Nxa5 O-O 24. b4 Bc4 25. Rd1 Rfd8 26. Rg3 Qc7
27. Qh6 g6 28. h4 Qe5 29. Nc6 Qf6 30. Nxd8 Rxd8 31. h5 Qg7 32. Qxg7+ Kxg7 33.
Rd4 e5 34. Rh4 f5 35. hxg6 hxg6 36. Rh5 f4 37. Rg4 Be2 38. f3 Kf6 39. Rh6 Bd3
40. Rh7 Rc8 41. Rb7 Rxc3 42. b5 Bf5 43. Rh4 d4 44. Rhh7 d3 45. Rbf7+ Kg5 46.
Rd7 Bxd7 47. Rxd7 Rb3 48. Rd5 Kf5 49. Kh2 Ke6 50. Rd8 d2 51. Rxd2 Rxb5 52. g3
Rd5 53. Re2 Kf6 54. gxf4 exf4 55. Kh3 Re5 56. Rxe5 Kxe5 57. Kg4 1/2-1/2

[Event "Detroit (MCO/C/6/8)"]
[Site "?"]
[Date "1994.??.??"]
[Round "?"]
[White "Beck, B."]
[Black "Black, T."]
[Result "1-0"]
[WhiteElo "1605"]
[BlackElo "1605"]
[PlyCount "77"]
[EventDate "1994.??.??"]

{6/(8)} 1. e4 c5 2. Nf3 Nc6 3. d4 cxd4 4. Nxd4 e6 5. Nc3 Bb4 6. Nxc6 bxc6 7.
Bd3 Qf6 8. Bd2 Ne7 9. O-O O-O 10. Qg4 Ng6 11. e5 Nxe5 12. Qxb4 Nxd3 13. cxd3 e5
14. Ne4 Qg6 15. Qd6 Qxd6 16. Nxd6 Ba6 17. Nc4 d5 18. Nxe5 c5 19. Rac1 Rac8 20.
Nd7 Bxd3 21. Nxf8 Bxf1 22. Kxf1 Kxf8 23. Bb4 Ke7 24. Rxc5 Kd7 25. Rxd5+ Ke6 26.
Rd6+ Kf5 27. Rd7 Ke6 28. Rd2 h5 29. Bc3 g6 30. Ke2 f5 31. Rd3 Kf7 32. Rd7+ Ke8
33. Rg7 Rc6 34. Rxa7 Kf8 35. Rg7 Rxc3 36. bxc3 Kxg7 37. a4 Kf7 38. a5 Ke7 39.
a6 1-0

[Event "Detroit (MCO/A/6/9)"]
[Site "?"]
[Date "1994.??.??"]
[Round "?"]
[White "Bauerle, Paul"]
[Black "Walker, Douglas"]
[Result "0-1"]
[WhiteElo "1950"]
[BlackElo "1875"]
[PlyCount "100"]
[EventDate "1994.??.??"]

{6/(9)} 1. d4 Nf6 2. c4 g6 3. Nc3 Bg7 4. e4 d6 5. Be2 O-O 6. Nf3 Nbd7 7. O-O c5
8. d5 a6 9. h3 Ne8 10. Bf4 Ne5 11. Nxe5 dxe5 12. Be3 b6 13. Qb3 Qd6 14. a4 Rb8
15. Qa3 a5 16. Nb5 Qf6 17. Qb3 Nd6 18. Nc3 Bd7 19. f3 Qh4 20. Bf2 Qg5 21. g4 f5
22. h4 Qf6 23. Bg3 f4 24. g5 Qf7 25. Bf2 Bh3 26. Rfd1 Qe8 27. Kh2 Qc8 28. Bf1
Bd7 29. Ne2 h6 30. Ng1 hxg5 31. hxg5 Kf7 32. Kg2 Rh8 33. Be1 Rh5 34. Bc3 Qh8
35. Kf2 Rh2+ 36. Bg2 Bh3 37. Nxh3 Qxh3 38. Rg1 Qg3+ 39. Kf1 Rbh8 40. Be1 Qxg5
41. Qxb6 Bf6 42. Qxc5 Rc8 43. Qf2 Nxc4 44. Bd2 Ne3+ 45. Bxe3 fxe3 46. Qe2 Qh6
47. Rd1 Bh4 48. Rh1 Bf2 49. Qa6 Rc2 50. Qe6+ Kf8 0-1

[Event "Detroit (MCO/A/2a/8)"]
[Site "?"]
[Date "1994.??.??"]
[Round "?"]
[White "Bauerle, Paul"]
[Black "Turner, Keita"]
[Result "0-1"]
[WhiteElo "1950"]
[BlackElo "1820"]
[PlyCount "60"]
[EventDate "1994.??.??"]

1. d4 Nf6 2. c4 g6 3. Nc3 Bg7 4. e4 d6 5. Be2 O-O 6. Nf3 e5 7. O-O Nc6 8. d5
Ne7 9. Ne1 Ne8 10. Nd3 f5 11. f3 f4 12. c5 h5 13. Bd2 g5 14. Rc1 Ng6 15. Na4
Rf7 16. Ba5 b6 17. cxb6 axb6 18. Be1 Nf6 19. h3 g4 20. Nf2 g3 21. Nd3 Bxh3 22.
gxh3 Qd7 23. Qc2 Qxh3 24. Bd1 Rxa4 25. Bb4 Nh4 26. Re1 Rxb4 27. Nxb4 g2 28. Be2
Qh1+ 29. Kf2 Qh2 30. Rg1 Qg3# 0-1

[Event "Detroit (MCO/A/3a/8)"]
[Site "?"]
[Date "1994.??.??"]
[Round "?"]
[White "Bauerle, Paul"]
[Black "Bluestone, M."]
[Result "1-0"]
[WhiteElo "1950"]
[BlackElo "1775"]
[PlyCount "63"]
[EventDate "1994.??.??"]

1. d4 Nf6 2. c4 e6 3. Nc3 Bb4 4. a3 Bxc3+ 5. bxc3 c5 6. e3 b6 7. Bd3 Nc6 8. Ne2
Ba6 9. e4 e5 10. d5 Na5 11. O-O d6 12. f4 Nd7 13. Ng3 Qc7 14. Nf5 g6 15. Ng7+
Kf8 16. Ne6+ fxe6 17. dxe6 Nb8 18. fxe5+ Ke8 19. Rf7 Qc8 20. exd6 Qxe6 21. Re7+
Qxe7 22. dxe7 Nbc6 23. Bg5 Nxe7 24. Qg4 Rd8 25. Qe6 Nac6 26. Bc2 Bc8 27. Qf6
Rf8 28. Qg7 Rf7 29. Qh8+ Rf8 30. Qxh7 Be6 31. Ba4 Rd6 32. Qxe7# 1-0

[Event "Dearborn (MI Inv/3)"]
[Site "Dearborn"]
[Date "1994.??.??"]
[Round "?"]
[White "Basin, Leonid"]
[Black "Strugach, L."]
[Result "1/2-1/2"]
[WhiteElo "2480"]
[BlackElo "2370"]
[PlyCount "42"]
[EventDate "1994.??.??"]

1. e4 e5 2. Nf3 Nc6 3. Bb5 a6 4. Ba4 Nf6 5. O-O Be7 6. Re1 b5 7. Bb3 d6 8. c3
O-O 9. h3 Nb8 10. d4 Nbd7 11. Nbd2 Bb7 12. Bc2 Re8 13. Nf1 h6 14. Ng3 Bf8 15.
a4 g6 16. b3 Bg7 17. d5 Rf8 18. Bd3 c6 19. dxc6 Bxc6 20. axb5 axb5 21. Ba3 Qb8
1/2-1/2

[Event "Dearborn (MI Inv/2)"]
[Site "Dearborn"]
[Date "1994.??.??"]
[Round "?"]
[White "Basin, Leonid"]
[Black "Lindsay, F."]
[Result "0-1"]
[WhiteElo "2480"]
[BlackElo "2435"]
[PlyCount "66"]
[EventDate "1994.??.??"]

1. Nf3 c5 2. e4 Nc6 3. d4 cxd4 4. Nxd4 g6 5. Nc3 Bg7 6. Be3 Nf6 7. Bc4 O-O 8.
Bb3 d6 9. f3 Bd7 10. Qd2 Nxd4 11. Bxd4 b5 12. h4 a5 13. h5 a4 14. Bd5 e5 15.
Be3 b4 16. Ne2 Nxd5 17. Qxd5 Be6 18. Qd2 Qa5 19. hxg6 fxg6 20. Qxd6 Ra6 21. Qe7
Rf7 22. Qe8+ Rf8 23. Qe7 Rf7 24. Qe8+ Bf8 25. Rd1 Qc7 26. Bh6 Bd7 27. Rxd7 Qxd7
28. Qxe5 Re6 29. Qa5 Rd6 30. Bxf8 Rxf8 31. O-O Rd2 32. Rf2 Rxc2 33. Qxb4 Qd3
0-1

[Event "Detroit (Class DE/2/15)"]
[Site "?"]
[Date "1994.??.??"]
[Round "?"]
[White "Bascomb, A."]
[Black "Scott, A."]
[Result "1-0"]
[WhiteElo "1605"]
[BlackElo "1605"]
[PlyCount "129"]
[EventDate "1994.??.??"]

{2/(15)} 1. e4 e6 2. Nf3 c6 3. d4 d5 4. e5 c5 5. c3 Nc6 6. Bb5 Bd7 7. Bxc6 Bxc6
8. O-O f6 9. Re1 Ne7 10. exf6 gxf6 11. Rxe6 Qd7 12. Rxf6 O-O-O 13. Ne5 Qe8 14.
Nf7 Bg7 15. Nd6+ Rxd6 16. Rxd6 cxd4 17. Bf4 dxc3 18. bxc3 Nf5 19. Rxc6+ Qxc6
20. Nd2 Rg8 21. Qg4 Rf8 22. Rc1 d4 23. Nf3 dxc3 24. Be5 Bxe5 25. Nxe5 Qc5 26.
Qc4 Qxc4 27. Nxc4 Nd4 28. Kf1 b5 29. Nd6+ Kd7 30. Ne4 b4 31. Rd1 Ke6 32. Rxd4
Rc8 33. Rd1 a5 34. f4 a4 35. f5+ Kxf5 36. Nd6+ Ke5 37. Nxc8 b3 38. axb3 axb3
39. Re1+ Kd4 40. Nb6 b2 41. Na4 Kd3 42. Nxc3 Kxc3 43. g4 Kc2 44. h4 b1=Q 45.
Rxb1 Kxb1 46. Kf2 Kc2 47. Kf3 Kd3 48. Kf4 Kd4 49. g5 Kd5 50. Kf5 Kd6 51. Kf6
Kd7 52. h5 Ke8 53. Kg7 Ke7 54. Kxh7 Kf7 55. g6+ Kf8 56. g7+ Kf7 57. g8=Q+ Kf6
58. Qg6+ Ke5 59. Kg7 Kd4 60. h6 Ke5 61. h7 Kd4 62. h8=Q Kd5 63. Qhe8 Kd4 64.
Qge4+ Kc5 65. Qd8 1-0

[Event "Detroit (Class DE/4/6)"]
[Site "?"]
[Date "1994.??.??"]
[Round "?"]
[White "Bascomb, A."]
[Black "McNeil, Yaking"]
[Result "0-1"]
[WhiteElo "1605"]
[BlackElo "1605"]
[PlyCount "138"]
[EventDate "1994.??.??"]

{4/(6)} 1. e4 c6 2. Nf3 d5 3. e5 Bf5 4. d4 f6 5. Bf4 Nd7 6. Qe2 e6 7. Nh4 Qa5+
8. Bd2 Qb6 9. Bc3 O-O-O 10. Nxf5 exf5 11. Nd2 fxe5 12. dxe5 d4 13. e6 Re8 14.
Nc4 Qc5 15. Bd2 Nb6 16. O-O-O Nxc4 17. Qxc4 Qxc4 18. Bxc4 b5 19. Bb3 Nf6 20.
Bg5 Ne4 21. Be3 dxe3 22. Rd7 Nc5 23. Rxa7 Nxb3+ 24. axb3 Bc5 25. Ra8+ Kc7 26.
Rxe8 Rxe8 27. fxe3 Rxe6 28. Rf1 Bxe3+ 29. Kd1 Rf6 30. g3 g6 31. Rf3 Bd4 32. c3
Bg1 33. h4 h5 34. Kd2 Kd6 35. Rd3+ Ke5 36. Rd8 Rd6+ 37. Rxd6 Kxd6 38. Ke2 Ke5
39. Kf3 Ba7 40. b4 Bb6 41. b3 Bc7 42. c4 bxc4 43. bxc4 Kd4 44. b5 Kc5 45. bxc6
Kxc6 46. Kg2 Kc5 47. Kf3 Kxc4 48. Kg2 Kd4 49. Kf3 Bd6 50. Kg2 Ke3 51. Kh3 Kf3
52. Kh2 Bxg3+ 53. Kh3 Kf4 54. Kg2 Kg4 55. Kg1 f4 56. Kf1 f3 57. Kg1 f2+ 58. Kg2
Bxh4 59. Kf1 Kg3 60. Ke2 Kg2 61. Ke3 Bg5+ 62. Kd4 f1=Q 63. Kd5 Qf4 64. Ke6 Kf3
65. Kd7 Qe5 66. Kc6 Ke4 67. Kd7 Kd5 68. Kc8 Qe7 69. Kb8 Kc6 0-1

[Event "Detroit (Class DE/5/10)"]
[Site "?"]
[Date "1994.??.??"]
[Round "?"]
[White "Bascomb, A."]
[Black "McMahan, M."]
[Result "1-0"]
[WhiteElo "1605"]
[BlackElo "1605"]
[PlyCount "115"]
[EventDate "1994.??.??"]

{5/(10)} 1. e4 e5 2. Nf3 Nc6 3. Bc4 Bc5 4. d3 h6 5. O-O Nf6 6. Nc3 d6 7. Nd5
Bg4 8. c3 O-O 9. Be3 Bb6 10. h3 Bh5 11. g4 Nxg4 12. hxg4 Bxg4 13. Kh2 Ne7 14.
Bxh6 gxh6 15. Nf6+ Kg7 16. Nxg4 h5 17. Ne3 Ng6 18. Rg1 Kh8 19. Ng5 Nf4 20. Bxf7
Qf6 21. Bxh5 Rg8 22. Nf7+ Kh7 23. Nf5 Bxf2 24. Rg4 Nxh5 25. Rxg8 Kxg8 26. Qxh5
Kf8 27. Ng5 Kg8 28. Nh6+ Kg7 29. Nf5+ Kg8 30. Rf1 Qh8 31. Qxh8+ Kxh8 32. Rxf2
Rg8 33. Rg2 Rg6 34. Nf7+ Kh7 35. Ng5+ Kh8 36. Kh3 c6 37. Nxd6 Kg7 38. Nxb7 Kh6
39. Nf7+ Kh5 40. Rxg6 Kxg6 41. Nxe5+ Kf6 42. Nxc6 Ke6 43. Nxa7 Kd7 44. Nb5 Kc6
45. e5 Kxb5 46. d4 Kc6 47. Nd6 Kd5 48. a4 Ke6 49. a5 Kd7 50. a6 Kc7 51. b4 Kb6
52. e6 Kc6 53. Nf5 Kc7 54. e7 Kb6 55. e8=Q Kc7 56. d5 Kb6 57. Qc6+ Ka7 58. Qb7#
1-0

[Event "Detroit (WCO/3/7)"]
[Site "?"]
[Date "1994.??.??"]
[Round "?"]
[White "Bascomb, A."]
[Black "Jointer, William"]
[Result "0-1"]
[WhiteElo "1605"]
[BlackElo "1700"]
[PlyCount "102"]
[EventDate "1994.??.??"]

{3/(7)} 1. e4 c6 2. Nf3 d5 3. e5 Bf5 4. d4 e6 5. Bd3 Ne7 6. Bg5 Qa5+ 7. Nbd2
Bxd3 8. Bxe7 Bxe7 9. cxd3 O-O 10. O-O Nd7 11. Nb3 Qc7 12. Rc1 a5 13. Nc5 Bxc5
14. dxc5 Nxe5 15. Nxe5 Qxe5 16. d4 Qg5 17. Rc3 f5 18. f4 Qe7 19. Rh3 Rf6 20.
Rff3 Raf8 21. a4 R8f7 22. Rfg3 g6 23. Rg5 Rg7 24. Rh6 Qc7 25. Qd2 b6 26. b3
bxc5 27. dxc5 Qb8 28. Qb2 Rff7 29. Rg3 Qxf4 30. Rf3 Qxh6 31. Qe5 Qc1+ 32. Rf1
Qxc5+ 33. Kh1 Qe7 34. Qb8+ Rf8 35. Qe5 Qf6 36. Qd6 Rc8 37. Qc5 e5 38. Qxa5 e4
39. Qa6 Rgc7 40. Qe2 Qc3 41. Rb1 d4 42. Qc4+ Qxc4 43. bxc4 d3 44. Kg1 d2 45.
Rd1 e3 46. Kf1 Ra8 47. g3 Rxa4 48. c5 Rc4 49. Ke2 Re7 50. h4 Rxc5 51. Rb1 Rc1
0-1

[Event "Detroit (WCO/2/15)"]
[Site "?"]
[Date "1994.??.??"]
[Round "?"]
[White "Bascomb, A."]
[Black "DeVoll, J."]
[Result "1-0"]
[WhiteElo "1605"]
[BlackElo "1605"]
[PlyCount "127"]
[EventDate "1994.??.??"]

{2/(15)} 1. e4 e5 2. d4 d6 3. d5 Nf6 4. Nc3 c6 5. dxc6 Nxc6 6. Bc4 Be7 7. Bg5
O-O 8. Bxf6 Bxf6 9. Nd5 Be6 10. c3 Bxd5 11. exd5 Ne7 12. Ne2 Rc8 13. Bd3 Re8
14. Be4 Qb6 15. Qc2 Ng6 16. Bxg6 fxg6 17. O-O Qc5 18. Rad1 Rf8 19. b4 Qxb4 20.
Rb1 Qc5 21. Rxb7 Rb8 22. Rxb8 Rxb8 23. Rb1 Rxb1+ 24. Qxb1 Qxd5 25. Qb8+ Kf7 26.
Qxa7+ Be7 27. f3 Ke6 28. f4 Bh4 29. g3 Bf6 30. Qe3 Kf7 31. Qa7+ Ke6 32. Qb8 Qd2
33. Qb3+ Ke7 34. Qb7+ Ke6 35. Qc8+ Kf7 36. Qc4+ Ke7 37. Qc7+ Ke6 38. Qc8+ Ke7
39. Qc7+ Ke6 40. Qc4+ Ke7 41. a4 Qb2 42. fxe5 dxe5 43. Qb4+ Qxb4 44. cxb4 Kd7
45. Nc3 Kc6 46. a5 Bd8 47. Kf2 Kb7 48. h4 Be7 49. Nd5 Bd6 50. b5 Bc5+ 51. Kf3
Bd6 52. Ke4 Ka7 53. Nb6 Bc7 54. Nc4 Kb8 55. b6 Bxb6 56. axb6 Kb7 57. Kxe5 h6
58. Ke6 Kc6 59. Kf7 g5 60. h5 Kd7 61. Kxg7 Kc6 62. Kxh6 Kd7 63. Kxg5 Kc6 64. h6
1-0

[Event "Detroit (WCO/5/9)"]
[Site "?"]
[Date "1994.??.??"]
[Round "?"]
[White "Bascomb, A."]
[Black "Bailey, Jason"]
[Result "0-1"]
[WhiteElo "1605"]
[BlackElo "1745"]
[PlyCount "142"]
[EventDate "1994.??.??"]

{5/(9)} 1. e4 Nc6 2. d4 d5 3. e5 Bf5 4. Bd3 Bxd3 5. Qxd3 e6 6. a3 Nce7 7. Qb5+
c6 8. Qxb7 Rb8 9. Qxa7 Nf5 10. Nf3 Qc8 11. Qa5 Rb5 12. Qd2 c5 13. c3 Nge7 14.
Qe2 Qb8 15. a4 Ra5 16. O-O cxd4 17. cxd4 Nc6 18. Ra2 Qb3 19. Nc3 Bb4 20. Nd2
Qc2 21. b3 Qxc3 22. Nf3 Ncxd4 23. Nxd4 Nxd4 24. Qg4 O-O 25. Bh6 Nf5 26. Bd2
Qxb3 27. Bxb4 Rxa4 28. Rxa4 Qxa4 29. Rb1 Rc8 30. Qd1 Qa2 31. g3 h6 32. Bd6 Rc2
33. Ra1 Qc4 34. Ra8+ Kh7 35. Ra1 Qe4 36. Ra3 Re2 37. Kf1 Rb2 38. Qf3 Rb1+ 39.
Kg2 Qe1 40. Kh3 g5 41. g4 Qf1+ 42. Qg2 Nd4 43. Qxf1 Rxf1 44. Kg2 Re1 45. Ra7
Kg6 46. Ra8 Nc6 47. Rg8+ Kh7 48. Rc8 Nxe5 49. h3 Nc4 50. Be7 Rc1 51. Bc5 Nd6
52. Rc6 Ne4 53. Rc7 Rxc5 54. Rxf7+ Kg6 55. Re7 Kf6 56. Rh7 Rc2 57. Rxh6+ Ke5
58. h4 Rxf2+ 59. Kg1 gxh4 60. Rxh4 Rf4 61. Rh5+ Kf6 62. Rh6+ Ke5 63. Rh5+ Kd4
64. g5 Rg4+ 65. Kf1 Rxg5 66. Rh4 Rh5 67. Rg4 Ke3 68. Kg2 Rg5 69. Rxg5 Nxg5 70.
Kf1 Nf3 71. Kg2 d4 0-1

[Event "Detroit (MCO/C/4/5)"]
[Site "?"]
[Date "1994.??.??"]
[Round "?"]
[White "Barta, Roger"]
[Black "al-Shareef, Robert"]
[Result "0-1"]
[WhiteElo "1605"]
[BlackElo "1605"]
[PlyCount "42"]
[EventDate "1994.??.??"]

{4/(5)} 1. e4 c6 2. d4 Nf6 3. Bd3 g6 4. c3 Bg7 5. f4 d5 6. e5 Bg4 7. Nf3 Nfd7
8. h3 Bxf3 9. Qxf3 e6 10. O-O c5 11. Be3 cxd4 12. cxd4 Qb6 13. Qf2 Nc6 14. Nc3
Rc8 15. f5 exf5 16. Bxf5 gxf5 17. Qxf5 Ncxe5 18. dxe5 Qxe3+ 19. Kh1 Kd8 20.
Nxd5 Qxe5 21. Qxf7 Rf8 0-1

[Event "Detroit (MOR/7/16)"]
[Site "?"]
[Date "1994.??.??"]
[Round "?"]
[White "Barta, Roger"]
[Black "Solski, Jeff"]
[Result "1-0"]
[WhiteElo "1605"]
[BlackElo "1605"]
[PlyCount "79"]
[EventDate "1994.??.??"]

{7/(16)} 1. e4 c5 2. Nc3 e6 3. g3 Nc6 4. Bg2 b6 5. d3 Bb7 6. Be3 d6 7. Qd2 Nge7
8. Nge2 Ne5 9. O-O N7c6 10. f4 Ng4 11. f5 Nb4 12. Nd1 d5 13. fxe6 f6 14. c3
Nxe3 15. Nxe3 d4 16. cxb4 dxe3 17. Qxe3 cxb4 18. d4 Ba6 19. Rfd1 Bxe2 20. Qxe2
a6 21. Rac1 Be7 22. e5 Rc8 23. Bc6+ Rxc6 24. Rxc6 O-O 25. Kg2 fxe5 26. Qxe5 Bf6
27. Qe4 Qa8 28. d5 Qb7 29. Rf1 a5 30. e7 Re8 31. Qe6+ Kh8 32. Rxf6 gxf6 33.
Qxf6+ Kg8 34. Qg5+ Kh8 35. Qe5+ Kg8 36. Rc7 Qb8 37. d6 Qa8+ 38. Kh3 Qf3 39. d7
Qf1+ 40. Kh4 $138 1-0

[Event "Detroit (MCO/C/7/4)"]
[Site "?"]
[Date "1994.??.??"]
[Round "?"]
[White "Barta, Roger"]
[Black "Solski, Jeff"]
[Result "0-1"]
[WhiteElo "1605"]
[BlackElo "1605"]
[PlyCount "82"]
[EventDate "1994.??.??"]

{7/(4)} 1. e4 c5 2. Nc3 e6 3. g3 Nc6 4. Bg2 Nf6 5. d3 Be7 6. f4 d6 7. Nf3 Qc7
8. O-O Bd7 9. Be3 Ng4 10. Qd2 Nb4 11. Nd1 O-O 12. c3 Nc6 13. h3 Nf6 14. g4 c4
15. dxc4 Nxe4 16. Qc2 f5 17. Nd4 Ng3 18. Nxc6 Bxc6 19. Re1 Bxg2 20. Qxg2 Ne4
21. Qe2 Bh4 22. Bf2 Bxf2+ 23. Nxf2 Qc5 24. b4 Qb6 25. g5 d5 26. c5 Qc7 27. Qe3
e5 28. Nd3 exf4 29. Qxf4 Qe7 30. h4 Rae8 31. Nf2 Qd8 32. Qf3 Qc7 33. Rad1 Rd8
34. Nh3 Qe5 35. Rd4 Nxg5 36. Nxg5 Qxe1+ 37. Kg2 Rfe8 38. Qxf5 Re2+ 39. Kh3 Qh1+
40. Kg4 Rg2+ 41. Kf4 Rf2+ 0-1

[Event "Romulus (RVO/3/15)"]
[Site "?"]
[Date "1994.??.??"]
[Round "?"]
[White "Barta, Roger"]
[Black "Smith, Walt"]
[Result "0-1"]
[WhiteElo "1605"]
[BlackElo "1925"]
[PlyCount "40"]
[EventDate "1994.??.??"]

{3/(15)} 1. e4 c5 2. Nc3 Nc6 3. g3 e6 4. Bg2 g6 5. d3 Bg7 6. Be3 Nd4 7. f4 Ne7
8. Nf3 d5 9. Bxd4 cxd4 10. Ne2 Qb6 11. Rb1 O-O 12. c3 dxe4 13. Nfxd4 exd3 14.
Qxd3 Bd7 15. O-O Rad8 16. Kh1 Nc6 17. Qb5 Qxb5 18. Nxb5 a6 19. Nd6 b6 20. Rfd1
Nb8 {[Remainder illegible; 0-1, 50?]} 0-1

[Event "Detroit (MOR/3/58)"]
[Site "?"]
[Date "1994.??.??"]
[Round "?"]
[White "Barta, Roger"]
[Black "Rodriguez, Brian"]
[Result "1-0"]
[WhiteElo "1605"]
[BlackElo "1605"]
[PlyCount "45"]
[EventDate "1994.??.??"]

{3/(58)} 1. e4 e5 2. Nf3 Nc6 3. Bc4 h6 4. O-O Nf6 5. d4 exd4 6. Nxd4 Qe7 7. Nc3
Nxe4 8. Nxe4 Qxe4 9. Re1 Qxe1+ 10. Qxe1+ Kd8 11. Nxc6+ bxc6 12. Bxf7 Be7 13.
Bf4 Rf8 14. Bxc7+ Kxc7 15. Qxe7 Rd8 16. Rd1 Rb8 17. Qd6+ Kb7 18. Rd3 Ka8 19.
Rb3 Bb7 20. Bc4 Re8 21. h3 Re4 22. Ba6 Rbe8 23. Bxb7# 1-0

[Event "Detroit (Class C/4/2)"]
[Site "?"]
[Date "1994.??.??"]
[Round "?"]
[White "Barta, Roger"]
[Black "Raupp, Helene"]
[Result "1-0"]
[WhiteElo "1605"]
[BlackElo "1605"]
[PlyCount "81"]
[EventDate "1994.??.??"]

{4/(2)} 1. e4 e6 2. d4 d5 3. Nc3 Bb4 4. e5 c5 5. a3 Bxc3+ 6. bxc3 cxd4 7. cxd4
Nc6 8. Qg4 g6 9. Nf3 Bd7 10. Be2 Nge7 11. O-O Nf5 12. Bg5 Qa5 13. Bf6 Rg8 14.
Qf4 Qc3 15. Rfd1 Qxc2 16. Bd3 Qa4 17. Bxf5 gxf5 18. Qh6 Ne7 19. Qxh7 Kf8 20.
Ng5 Rxg5 21. Bxg5 Ng6 22. h4 Ke8 23. Qg8+ Nf8 24. Bh6 Ke7 25. Bg5+ Ke8 26. h5
Bb5 27. h6 Kd7 28. Qxf7+ Kc6 29. Rdc1+ Kb6 30. Qc7+ Ka6 31. h7 Ng6 32. Qd6+ Bc6
33. Qxe6 Nh8 34. Qxf5 Qxd4 35. Be3 Qh4 36. Qd3+ Bb5 37. Qxd5 Qxh7 38. Rab1 Bc6
39. Rxc6+ bxc6 40. Qxc6+ Ka5 41. Qb5# 1-0

[Event "Romulus (RVO/1/32)"]
[Site "?"]
[Date "1994.??.??"]
[Round "?"]
[White "Barta, Roger"]
[Black "Perry, R."]
[Result "0-1"]
[WhiteElo "1605"]
[BlackElo "2110"]
[PlyCount "88"]
[EventDate "1994.??.??"]

{1/(32)} 1. e4 c5 2. Nc3 d6 3. g3 e5 4. d3 Ne7 5. Bg2 Nbc6 6. f4 exf4 7. Bxf4
Ng6 8. Nge2 Bg4 9. Qd2 Be7 10. Nd5 Bxe2 11. Qxe2 Nd4 12. Qf2 Nxf4 13. Nxf4 O-O
14. O-O Bf6 15. Nd5 Be5 16. c3 Nc6 17. Kh1 Qd7 18. Qf5 Qxf5 19. Rxf5 g6 20. Rf2
Kg7 21. Raf1 b5 22. Bh3 Rab8 23. Nf6 Bxf6 24. Rxf6 Rbd8 25. Bg4 b4 26. Bd1 bxc3
27. bxc3 Ne7 28. Bb3 Nf5 29. Rxf7+ Rxf7 30. Bxf7 Ne3 31. Re1 Ng4 32. Bd5 Nf2+
33. Kg2 Nxd3 34. Rf1 Ne5 35. Rb1 Rd7 36. Rb7 Kf6 37. Rxd7 Nxd7 38. Kf3 Ke5 39.
Ke3 Nf6 40. h3 Nxd5+ 41. exd5 Kxd5 42. Kd3 Ke5 43. Ke3 d5 44. Kd2 Ke4 0-1

[Event "Detroit (MOR/1a/32)"]
[Site "?"]
[Date "1994.??.??"]
[Round "?"]
[White "Barta, Roger"]
[Black "Oprean, G."]
[Result "0-1"]
[WhiteElo "1605"]
[BlackElo "1605"]
[PlyCount "70"]
[EventDate "1994.??.??"]

1. e4 c5 2. Nc3 Nc6 3. g3 d6 4. Bg2 e6 5. d3 Nf6 6. Nge2 Be7 7. O-O Nd7 8. Be3
a6 9. a4 Nce5 10. h3 O-O 11. f4 Nc6 12. Qd2 Ndb8 13. f5 exf5 14. exf5 Nb4 15.
Nd5 Nxd5 16. Bxd5 Kh8 17. Nc3 Nd7 18. Qg2 Ra7 19. Ne4 Nf6 20. Bb3 h6 21. g4 b6
22. Kh2 Bb7 23. Rg1 Nh7 24. Qd2 f6 25. Ng3 Ng5 26. Bxg5 fxg5 27. Rae1 Bf6 28.
c3 d5 29. Re2 Qc7 30. Rge1 Bc6 31. Kg2 Raa8 32. Nh5 Rad8 33. Nxf6 gxf6 34. Re7
d4+ 35. Kf2 Qh2+ 0-1